000 00509nam a2200181Ia 4500
005 20250508153005.0
008 008 250505s9999 xx 000 0 eng d
037 _aReference
040 _aFEDL
_beng
_cFEDL
041 _aeng
_2eng
084 _a491.207, SAF/R
_qFEDL
100 _aSafaya Raghunath
_984050
245 0 _aTeaching of sanskrit
260 _aJalandhar, India
_bPunjab Kitab Ghar
_c1962
300 _aviii,319p.
942 _cREF
_h491.207, SAF/R
999 _c1340018
_d1340018